[Event "Ricany op"]
[Site "Ricany"]
[Date "2023.08.30"]
[Round "6"]
[White "Cervenka, Petr"]
[Black "Sadil, Pavel"]
[Result "1-0"]
[WhiteElo "1869"]
[BlackElo "1615"]
[PlyCount "59"]
[EventDate "2023.08.26"]
[EventType "swiss"]
[EventRounds "9"]
[EventCountry "CZE"]
[SourceTitle "EXT 2024"]
[Source "ChessBase"]
[SourceDate "2023.10.10"]
[SourceVersion "1"]
[SourceVersionDate "2023.10.10"]
[SourceQuality "1"]

1. e4 c5 2. Nc3 d6 3. g3 Nf6 4. Bg2 g6 5. d3 Bg7 6. f4 Qc7 7. Nf3 Nc6 8. 0-0 0-0 9. Be3 a6 10. Qd2 Ng4 11. Nd5 Qd8 12. c3 e6 13. h3 exd5 14. hxg4 dxe4 15. dxe4 Qe7 16. f5 Re8 17. Bg5 Bf6 18. fxg6 hxg6 19. Bxf6 Qxf6 20. Ng5 Qe5 21. Nxf7 Qg7 22. Nh6+ Kh8 23. Rf7 Qe5 24. Nf5 Kg8 25. Nh6+ Kh8 26. Kf2 Be6 27. Rh1 Rf8 28. Bf3 c4 29. Rxf8+ Rxf8 30. Nf7+ 1-0

[Event "Prague op-A 19th"]
[Site "Prague"]
[Date "2020.01.10"]
[Round "1"]
[White "Cervenka, Petr"]
[Black "Svanda, Ondrej"]
[Result "0-1"]
[WhiteElo "1879"]
[BlackElo "2257"]
[PlyCount "78"]
[EventDate "2020.01.10"]
[EventType "swiss"]
[EventRounds "9"]
[EventCountry "CZE"]
[SourceTitle "CBM 195 Extra"]
[Source "ChessBase"]
[SourceDate "2020.05.31"]
[SourceVersion "1"]
[SourceVersionDate "2020.05.31"]
[SourceQuality "1"]

1. e4 c5 2. Nc3 Nc6 3. g3 g6 4. Bg2 Bg7 5. d3 d6 6. f4 e6 7. Nf3 Nge7 8. Be3 Nd4 9. 0-0 Nec6 10. Qd2 0-0 11. f5 exf5 12. Bh6 fxe4 13. Nxe4 f5 14. Bg5 Qc7 15. Nc3 Be6 16. Nh4 Rae8 17. Nd5 Bxd5 18. Bxd5+ Kh8 19. c3 Ne6 20. Rae1 Qd7 21. Re2 Nc7 22. Bxc6 Qxc6 23. Rfe1 Rxe2 24. Rxe2 Re8 25. Kf2 Kg8 26. Qe1 Qd7 27. Ng2 Rxe2+ 28. Qxe2 Qe6 29. Qf3 Qd5 30. Ne3 Qxf3+ 31. Kxf3 Bf8 32. Bf4 Kf7 33. g4 fxg4+ 34. Nxg4 Ke6 35. Ne3 Nd5 36. Nxd5 Kxd5 37. Ke3 Bg7 38. Bg5 Ke6 39. Bf4 Be5 0-1

[Event "Ricany op-A"]
[Site "Ricany"]
[Date "2019.08.26"]
[Round "4"]
[White "Vystrcil, Martin"]
[Black "Cervenka, Petr"]
[Result "0-1"]
[WhiteElo "2106"]
[BlackElo "1850"]
[PlyCount "74"]
[EventDate "2019.08.24"]
[EventType "swiss"]
[EventRounds "9"]
[EventCountry "CZE"]
[SourceTitle "EXT 2020"]
[Source "ChessBase"]
[SourceDate "2019.10.17"]
[SourceVersion "1"]
[SourceVersionDate "2019.10.17"]
[SourceQuality "1"]

1. e4 e6 2. d4 d5 3. Nd2 Nf6 4. e5 Nfd7 5. c3 c5 6. Bd3 Nc6 7. Ngf3 cxd4 8. cxd4 f6 9. exf6 Nxf6 10. 0-0 Bd6 11. b3 0-0 12. Bb2 Nb4 13. Bb1 Bd7 14. a3 Nc6 15. Ne5 Rc8 16. f4 Be8 17. Qf3 Qb6 18. Nxc6 Bxc6 19. Qh3 Bd7 20. Kh1 Rf7 21. Qh4 Be7 22. Qe1 Bd6 23. Bd3 Bb8 24. Qh4 Qd6 25. Rf3 g6 26. Re1 Rcf8 27. Qg5 Rg7 28. g4 Bc7 29. h3 Bc6 30. Ree3 Rgf7 31. Bc3 a5 32. Qe5 Qxa3 33. Qg5 Ne4 34. Nxe4 dxe4 35. Bxe4 Rxf4 36. Rxf4 Bxf4 37. Qh4 Bxe3 0-1

[Event "Ricany op-A"]
[Site "Ricany"]
[Date "2019.08.25"]
[Round "3"]
[White "Cervenka, Petr"]
[Black "Dubnicka, Augustin"]
[Result "1-0"]
[WhiteElo "1850"]
[BlackElo "1734"]
[PlyCount "49"]
[EventDate "2019.08.24"]
[EventType "swiss"]
[EventRounds "9"]
[EventCountry "CZE"]
[SourceTitle "EXT 2020"]
[Source "ChessBase"]
[SourceDate "2019.10.17"]
[SourceVersion "1"]
[SourceVersionDate "2019.10.17"]
[SourceQuality "1"]

1. e4 c5 2. Nc3 d6 3. g3 g6 4. Bg2 Bg7 5. d3 Nc6 6. f4 Nf6 7. Nf3 Bg4 8. 0-0 0-0 9. Be3 Nd7 10. Qd2 Bxf3 11. Bxf3 Bd4 12. f5 Kg7 13. Nd5 e6 14. Nf4 Qe7 15. Rae1 Rae8 16. c3 Bxe3+ 17. Rxe3 exf5 18. Nd5 Qg5 19. exf5 Qxf5 20. Rxe8 Rxe8 21. Nc7 Rc8 22. Bxc6 Qh3 23. Bg2 Qh5 24. Nd5 Re8 25. Qf4 1-0

[Event "Ricany op-A"]
[Site "Ricany"]
[Date "2019.08.24"]
[Round "1"]
[White "Cervenka, Petr"]
[Black "Novotny, Martin"]
[Result "1/2-1/2"]
[WhiteElo "1850"]
[BlackElo "2178"]
[PlyCount "100"]
[EventDate "2019.08.24"]
[EventType "swiss"]
[EventRounds "9"]
[EventCountry "CZE"]
[SourceTitle "EXT 2020"]
[Source "ChessBase"]
[SourceDate "2019.10.17"]
[SourceVersion "1"]
[SourceVersionDate "2019.10.17"]
[SourceQuality "1"]

1. e4 c5 2. Nc3 Nc6 3. g3 g6 4. Bg2 Bg7 5. d3 e5 6. f4 d6 7. Nge2 Nge7 8. 0-0 0-0 9. Be3 f5 10. Qd2 Be6 11. fxe5 Nxe5 12. Nf4 Bf7 13. Nfd5 Nxd5 14. Nxd5 Bxd5 15. exd5 c4 16. d4 Ng4 17. Bf4 Qb6 18. c3 Rfe8 19. Rae1 Ne5 20. Kh1 Nd3 21. Re6 Qxb2 22. Qxb2 Nxb2 23. Rfe1 Kf7 24. Bxd6 Bf8 25. Bxf8 Kxf8 26. Rb1 Na4 27. Rxb7 Rab8 28. Rxe8+ Rxe8 29. Bf1 Nxc3 30. Bxc4 Re1+ 31. Kg2 Rd1 32. Rxa7 Rxd4 33. Bb3 Ke8 34. Rxh7 Nxd5 35. Rg7 Ne7 36. Kf3 Kf8 37. Rh7 Re4 38. h3 Nc6 39. Rb7 Nd4+ 40. Kf2 Re2+ 41. Kf1 Re8 42. Rb4 Nxb3 43. Rxb3 Re4 44. Rd3 Kf7 45. Rd6 Re3 46. Kf2 Rc3 47. a4 Ra3 48. a5 g5 49. h4 gxh4 50. gxh4 Rh3 1/2-1/2

[Event "Ricany op"]
[Site "Ricany"]
[Date "2010.08.26"]
[Round "7"]
[White "Cap, Adam"]
[Black "Cervenka, Petr"]
[Result "1-0"]
[WhiteElo "1693"]
[BlackElo "1990"]
[PlyCount "69"]
[EventDate "2010.08.21"]
[EventType "swiss"]
[EventRounds "9"]
[EventCountry "CZE"]
[SourceTitle "EXT 2022"]
[Source "ChessBase"]
[SourceDate "2021.10.06"]
[SourceVersion "1"]
[SourceVersionDate "2021.10.06"]
[SourceQuality "1"]

1. e4 e6 2. d4 d5 3. Nd2 Nf6 4. e5 Nfd7 5. Bd3 c5 6. c3 Nc6 7. Ne2 cxd4 8. cxd4 f6 9. exf6 Nxf6 10. Nf3 Bd6 11. Bf4 Bb4+ 12. Bd2 0-0 13. 0-0 Bd6 14. Bf4 Ng4 15. Bxd6 Qxd6 16. Ng3 e5 17. dxe5 Qh6 18. h3 Ngxe5 19. Nxe5 Nxe5 20. Bc2 Be6 21. Bb3 Nc4 22. Bxc4 dxc4 23. Qc2 Rad8 24. Rad1 Rxd1 25. Rxd1 Qf4 26. Re1 Qf7 27. Re5 g6 28. Qe2 Re8 29. Ne4 Qf8 30. Ng5 Bd7 31. Qxc4+ Kg7 32. Rxe8 Qxe8 33. Qd4+ Kg8 34. Ne4 Kf7 35. Nd6+ 1-0

[Event "Prague op-A 08th"]
[Site "Prague"]
[Date "2009.01.10"]
[Round "2"]
[White "Wimmer, Miroslav"]
[Black "Cervenka, Petr"]
[Result "0-1"]
[WhiteElo "2088"]
[BlackElo "1981"]
[PlyCount "64"]
[EventDate "2009.01.09"]
[EventType "swiss"]
[EventRounds "9"]
[EventCountry "CZE"]
[SourceTitle "CBM 128 Extra"]
[Source "ChessBase"]
[SourceDate "2009.03.05"]
[SourceVersion "2"]
[SourceVersionDate "2009.03.25"]
[SourceQuality "1"]

1. Nf3 Nf6 2. c4 d5 3. d4 c6 4. Nc3 dxc4 5. a4 Bg4 6. Ne5 Bh5 7. Nxc4 e6 8. f3 Bb4 9. Qb3 a5 10. e3 Na6 11. Ne5 Nd5 12. Bxa6 Rxa6 13. 0-0 Qh4 14. g3 Qe7 15. e4 Nc7 16. Bf4 c5 17. Nb5 Nxb5 18. axb5 Ra8 19. Nd3 0-0 20. Nxb4 cxb4 21. Rfc1 Qd7 22. Rc4 b6 23. d5 exd5 24. Rd4 f5 25. Rxd5 Qe6 26. Qd3 fxe4 27. fxe4 Bg6 28. Re1 a4 29. Rd6 Qg4 30. Qc4+ Kh8 31. Qxb4 Rxf4 32. Qd2 Rff8 0-1

[Event "Ricany op-A"]
[Site "Ricany"]
[Date "2008.08.29"]
[Round "8"]
[White "Cervenka, Petr"]
[Black "Vitous, Milan"]
[Result "1/2-1/2"]
[WhiteElo "1985"]
[BlackElo "1910"]
[PlyCount "62"]
[EventDate "2008.08.23"]
[EventType "swiss"]
[EventRounds "9"]
[EventCountry "CZE"]
[SourceTitle "CBM 126 Extra"]
[Source "ChessBase"]
[SourceDate "2008.11.05"]
[SourceVersion "1"]
[SourceVersionDate "2008.11.05"]
[SourceQuality "1"]

1. e4 c5 2. Nc3 Nc6 3. g3 e5 4. Bg2 g6 5. d3 d6 6. Nd5 Bg7 7. Ne2 Be6 8. Nec3 f6 9. f4 Nge7 10. 0-0 Nd4 11. fxe5 dxe5 12. Nxf6+ Bxf6 13. Rxf6 Qd7 14. Ne2 Bg4 15. Bf1 0-0-0 16. Be3 Rhf8 17. Rxf8 Rxf8 18. Bxd4 cxd4 19. Qd2 Nc6 20. Bg2 Rf6 21. Rf1 Qf7 22. Nc1 Rxf1+ 23. Bxf1 Kc7 24. c3 Kb8 25. Qg5 dxc3 26. bxc3 Be6 27. d4 Bc4 28. Bh3 Qf3 29. d5 Qd1+ 30. Kf2 Qc2+ 31. Kf3 Qd1+ 1/2-1/2

[Event "Ricany op-A"]
[Site "Ricany"]
[Date "2008.08.27"]
[Round "6"]
[White "Cervenka, Petr"]
[Black "Zdenek, Pavel"]
[Result "1-0"]
[WhiteElo "1985"]
[BlackElo "1775"]
[PlyCount "71"]
[EventDate "2008.08.23"]
[EventType "swiss"]
[EventRounds "9"]
[EventCountry "CZE"]
[SourceTitle "CBM 126 Extra"]
[Source "ChessBase"]
[SourceDate "2008.11.05"]
[SourceVersion "1"]
[SourceVersionDate "2008.11.05"]
[SourceQuality "1"]

1. e4 c5 2. Nc3 Nc6 3. g3 g6 4. Bg2 Bg7 5. d3 e6 6. f4 Nge7 7. Nf3 d6 8. 0-0 0-0 9. Be3 f5 10. e5 dxe5 11. fxe5 Nd4 12. Qd2 Nec6 13. Bg5 Qd7 14. Nxd4 Nxd4 15. Rae1 Rb8 16. g4 b5 17. gxf5 gxf5 18. Nd1 Bb7 19. Re3 h6 20. Bf4 Bxg2 21. Qxg2 Kf7 22. c3 Nc6 23. Rg3 Rg8 24. Re1 b4 25. Ne3 bxc3 26. Nxf5 Kf8 27. Nxg7 Rxb2 28. Qf1 Rxg7 29. Bxh6+ Qf7 30. Bxg7+ Ke8 31. Qxf7+ Kxf7 32. Rg2 Nd4 33. Rf1+ Ke7 34. Bf8+ Kd7 35. Rxb2 cxb2 36. Kf2 1-0

[Event "Ricany op-A"]
[Site "Ricany"]
[Date "2008.08.26"]
[Round "5"]
[White "Siktanc, Petr"]
[Black "Cervenka, Petr"]
[Result "1-0"]
[WhiteElo "2197"]
[BlackElo "1985"]
[PlyCount "85"]
[EventDate "2008.08.23"]
[EventType "swiss"]
[EventRounds "9"]
[EventCountry "CZE"]
[SourceTitle "CBM 126 Extra"]
[Source "ChessBase"]
[SourceDate "2008.11.05"]
[SourceVersion "1"]
[SourceVersionDate "2008.11.05"]
[SourceQuality "1"]

1. d4 e6 2. e4 d5 3. e5 c5 4. c3 Nc6 5. Nf3 Qb6 6. Bd3 Bd7 7. dxc5 Bxc5 8. 0-0 h5 9. b4 Be7 10. Na3 Nh6 11. Be3 Qd8 12. Nb5 Ng4 13. Bd4 Qb8 14. Re1 a6 15. Na3 Nxd4 16. Nxd4 Nxe5 17. Bf1 Ng4 18. g3 e5 19. Qe2 h4 20. h3 hxg3 21. hxg4 gxf2+ 22. Kxf2 e4 23. Kg1 Bxg4 24. Qg2 Rh3 25. Ne2 Bh4 26. Red1 Bg3 27. Rxd5 e3 28. Qe4+ Kf8 29. Bxh3 Bf2+ 30. Kg2 Bxe2 31. Qe5 Qxe5 32. Rxe5 Rd8 33. Nc2 Rd6 34. Nxe3 Bh4 35. Bg4 Rg6 36. Kh3 Bf6 37. Rh5 Bxc3 38. Rc1 Bxg4+ 39. Nxg4 Bxb4 40. Rc7 Kg8 41. Ne5 Rh6 42. Rc8+ Bf8 43. Rxh6 1-0

[Event "Prague op-A 07th"]
[Site "Prague"]
[Date "2008.01.13"]
[Round "3"]
[White "Cervenka, Petr"]
[Black "Rosko, Lubos"]
[Result "1-0"]
[WhiteElo "1989"]
[BlackElo "2226"]
[PlyCount "85"]
[EventDate "2008.01.11"]
[EventType "swiss"]
[EventRounds "9"]
[EventCountry "CZE"]
[SourceTitle "CBM 122 Extra"]
[Source "ChessBase"]
[SourceDate "2008.03.04"]
[SourceVersion "1"]
[SourceVersionDate "2008.03.04"]
[SourceQuality "1"]

1. e4 c5 2. Nc3 Nc6 3. g3 g6 4. Bg2 Bg7 5. d3 e6 6. f4 d6 7. Nf3 Nge7 8. Be3 Nd4 9. 0-0 0-0 10. e5 Nef5 11. Bf2 Nxf3+ 12. Qxf3 Nd4 13. Qd1 dxe5 14. fxe5 Bxe5 15. Ne4 f5 16. Nxc5 Qc7 17. b4 a5 18. c3 Nb5 19. d4 Bg7 20. Qb3 Qf7 21. a4 Nd6 22. b5 Rb8 23. Rae1 Re8 24. b6 Kh8 25. Be3 Bd7 26. Bf4 Bf8 27. d5 e5 28. Rxe5 Rbc8 29. Nxd7 Qxd7 30. Rfe1 Bg7 31. Rxe8+ Rxe8 32. Re6 Nf7 33. Bf1 Rc8 34. Bb5 Qd8 35. Re8+ Qxe8 36. Bxe8 Rxe8 37. d6 Nd8 38. Bg5 Bf8 39. Qd5 h6 40. d7 Re1+ 41. Kf2 hxg5 42. Kxe1 Kg7 43. Qe5+ 1-0